[Event "Alicante IRT op 15th"]
[Site "Alicante"]
[Date "2021.09.26"]
[Round "6"]
[White "Gil Quilez, David"]
[Black "Torres Bosch, Jose Francisco"]
[Result "1/2-1/2"]
[WhiteElo "2149"]
[BlackElo "2165"]
[PlyCount "40"]
[EventDate "2021.09.24"]
[EventType "swiss"]
[EventRounds "7"]
[EventCountry "ESP"]
[SourceTitle "CBM 204 Extra"]
[Source "ChessBase"]
[SourceDate "2021.11.30"]
[SourceVersion "1"]
[SourceVersionDate "2021.11.30"]
[SourceQuality "1"]

1. e4 c5 2. Nf3 d6 3. d4 cxd4 4. Nxd4 Nf6 5. Nc3 a6 6. Be2 e5 7. Nb3 Be7 8. 0-0 0-0 9. Be3 Be6 10. f4 exf4 11. Bxf4 Nc6 12. Kh1 d5 13. exd5 Nxd5 14. Nxd5 Qxd5 15. Bf3 Qc4 16. Be2 Qd5 17. Bf3 Qxd1 18. Raxd1 Rad8 19. c3 Rfe8 20. h3 h6 1/2-1/2

[Event "Alicante IRT op 15th"]
[Site "Alicante"]
[Date "2021.09.25"]
[Round "4"]
[White "Unander, Matts"]
[Black "Gil Quilez, David"]
[Result "1/2-1/2"]
[WhiteElo "2012"]
[BlackElo "2149"]
[PlyCount "49"]
[EventDate "2021.09.24"]
[EventType "swiss"]
[EventRounds "7"]
[EventCountry "ESP"]
[SourceTitle "CBM 204 Extra"]
[Source "ChessBase"]
[SourceDate "2021.11.30"]
[SourceVersion "1"]
[SourceVersionDate "2021.11.30"]
[SourceQuality "1"]

1. d4 f5 2. Nc3 Nf6 3. Bg5 d5 4. Bxf6 exf6 5. e3 Be6 6. Bd3 Nc6 7. Qf3 Qd7 8. Nge2 Nb4 9. Nf4 Nxd3+ 10. cxd3 c6 11. Nxe6 Qxe6 12. 0-0 Bb4 13. Rfe1 0-0 14. a3 Bxc3 15. bxc3 Rae8 16. a4 Rf7 17. c4 dxc4 18. dxc4 Qxc4 19. Qxf5 Rd8 20. Rec1 Qd5 21. Qf4 Re7 22. Rc5 Qe4 23. Qxe4 Rxe4 24. Rb1 Rd7 25. a5 1/2-1/2

[Event "Almansa op-A 13th"]
[Site "Almansa"]
[Date "2018.08.02"]
[Round "2.4"]
[White "Gil Quilez, David"]
[Black "Cabello Rodriguez, Sandro"]
[Result "1/2-1/2"]
[WhiteElo "2220"]
[BlackElo "2105"]
[PlyCount "90"]
[EventDate "2018.08.02"]
[EventType "swiss"]
[EventRounds "7"]
[EventCountry "ESP"]
[SourceTitle "EXT 2024"]
[Source "ChessBase"]
[SourceDate "2023.10.10"]
[SourceVersion "1"]
[SourceVersionDate "2023.10.10"]
[SourceQuality "1"]

1. e4 e6 2. d4 d5 3. Nc3 Nf6 4. e5 Nfd7 5. f4 c5 6. Nf3 Be7 7. Be3 Nc6 8. Qd2 0-0 9. Bd3 a6 10. dxc5 Qa5 11. Ne2 Qxd2+ 12. Kxd2 Nxc5 13. Ned4 Bd7 14. a3 Rac8 15. Rhc1 Rfd8 16. g4 Ne4+ 17. Ke2 Nxd4+ 18. Nxd4 Bc5 19. Nb3 Bxe3 20. Kxe3 Nc5 21. Nd4 Na4 22. Rab1 Nb6 23. Rd1 Nc4+ 24. Bxc4 dxc4 25. c3 Ba4 26. Rd2 Rd5 27. Rf1 Rcd8 28. Rff2 Kf8 29. g5 Ke7 30. Rf3 f6 31. gxf6+ gxf6 32. Rh3 fxe5 33. Rxh7+ Kd6 34. fxe5+ Rxe5+ 35. Kf4 Rd5 36. Rh6 Bd7 37. Nf5+ Kc5 38. Rxd5+ exd5 39. Nd4 Rf8+ 40. Ke3 Re8+ 41. Kd2 Rg8 42. Rh7 Rg2+ 43. Kc1 Rg1+ 44. Kd2 Rg2+ 45. Kc1 Rg1+ 1/2-1/2

[Event "Madrid-chT 1718"]
[Site "Madrid"]
[Date "2018.03.04"]
[Round "12.45"]
[White "Perez Gonzalez, Jose Manuel"]
[Black "Gil Quilez, David"]
[Result "1/2-1/2"]
[WhiteElo "2277"]
[BlackElo "2208"]
[PlyCount "113"]
[EventDate "2017.11.19"]
[EventType "team-tourn"]
[EventRounds "14"]
[EventCountry "ESP"]
[SourceTitle "EXT 2019"]
[Source "ChessBase"]
[SourceDate "2018.10.10"]
[SourceVersion "1"]
[SourceVersionDate "2018.10.10"]
[SourceQuality "1"]
[WhiteTeam "Liberty Chess"]
[BlackTeam "La Casa del Ajedrez"]
[WhiteTeamCountry "ESP"]
[BlackTeamCountry "ESP"]

1. e4 e5 2. Nf3 Nc6 3. Bc4 Nf6 4. d4 exd4 5. e5 d5 6. Bb5 Ne4 7. Nxd4 Bd7 8. Bxc6 bxc6 9. 0-0 Bc5 10. f3 Ng5 11. f4 Ne4 12. Be3 0-0 13. Nd2 Nxd2 14. Qxd2 f6 15. Nb3 Bb6 16. Bc5 fxe5 17. fxe5 Qe7 18. Qc3 Rae8 19. Kh1 Bxc5 20. Nxc5 Bf5 21. Rae1 Qg5 22. e6 Rf6 23. Rf2 Rg6 24. Qe5 Be4 25. Qxg5 Rxg5 26. Nxe4 Re5 27. Rfe2 dxe4 28. Rxe4 Rxe4 29. Rxe4 Kf8 30. Kg1 Ke7 31. Kf2 Rb8 32. b3 Rb5 33. a4 Rc5 34. Re2 Rf5+ 35. Ke1 Rd5 36. Re4 Rg5 37. g3 Rh5 38. h4 Rc5 39. Kd2 g5 40. b4 Rd5+ 41. Kc3 Rf5 42. hxg5 Rxg5 43. g4 h5 44. gxh5 Rxh5 45. Kc4 Rg5 46. c3 Rh5 47. b5 cxb5+ 48. axb5 a6 49. bxa6 Ra5 50. Kb4 Rxa6 51. Kc5 Rxe6 52. Rh4 Kd7 53. Rh7+ Kc8 54. c4 Kb7 55. Kb5 Rb6+ 56. Kc5 Rc6+ 57. Kb5 1/2-1/2

[Event "Madrid-chT 1718"]
[Site "Madrid"]
[Date "2018.02.25"]
[Round "11.14"]
[White "Ramos del Campo, Alexander"]
[Black "Gil Quilez, David"]
[Result "1/2-1/2"]
[WhiteElo "2168"]
[BlackElo "2204"]
[PlyCount "99"]
[EventDate "2017.11.19"]
[EventType "team-tourn"]
[EventRounds "14"]
[EventCountry "ESP"]
[SourceTitle "EXT 2019"]
[Source "ChessBase"]
[SourceDate "2018.10.10"]
[SourceVersion "1"]
[SourceVersionDate "2018.10.10"]
[SourceQuality "1"]
[WhiteTeam "Alcorcon"]
[BlackTeam "La Casa del Ajedrez"]
[WhiteTeamCountry "ESP"]
[BlackTeamCountry "ESP"]

1. e4 e5 2. Nf3 Nc6 3. Bc4 Nf6 4. d3 Be7 5. 0-0 d6 6. c3 0-0 7. Bb3 h6 8. Re1 Re8 9. h3 Bf8 10. Nbd2 Be6 11. d4 Bxb3 12. Qxb3 Na5 13. Qa4 c5 14. d5 b6 15. b4 Nb7 16. Qa6 Qc8 17. Ba3 Nd8 18. Qxc8 Rxc8 19. bxc5 bxc5 20. Rab1 Re7 21. Nc4 Rb7 22. Rxb7 Nxb7 23. Rb1 Nd8 24. Nfd2 Nd7 25. Rb5 a6 26. Rb3 Rb8 27. Rxb8 Nxb8 28. Kf1 Be7 29. Ke2 Nb7 30. Kd3 Kf8 31. Kc2 Ke8 32. g3 Nd7 33. Kb3 Bd8 34. f4 f6 35. Bc1 Nb6 36. Nxb6 Bxb6 37. Nc4 Na5+ 38. Nxa5 Bxa5 39. Bd2 Kd7 40. Ka4 Bd8 41. c4 Kc8 42. g4 g5 43. f5 Kb7 44. Be1 Ka7 45. h4 Kb7 46. hxg5 hxg5 47. Ba5 Bb6 48. Bxb6 Kxb6 49. a3 a5 50. Kb3 1/2-1/2

[Event "Madrid-chT 1718"]
[Site "Madrid"]
[Date "2018.01.28"]
[Round "7.34"]
[White "Alarcia Astiz, Carlos"]
[Black "Gil Quilez, David"]
[Result "0-1"]
[WhiteElo "2275"]
[BlackElo "2198"]
[PlyCount "108"]
[EventDate "2017.11.19"]
[EventType "team-tourn"]
[EventRounds "14"]
[EventCountry "ESP"]
[SourceTitle "EXT 2019"]
[Source "ChessBase"]
[SourceDate "2018.10.10"]
[SourceVersion "1"]
[SourceVersionDate "2018.10.10"]
[SourceQuality "1"]
[WhiteTeam "Blanco y Negro"]
[BlackTeam "La Casa del Ajedrez"]
[WhiteTeamCountry "ESP"]
[BlackTeamCountry "ESP"]

1. e4 e5 2. Nf3 Nc6 3. Bc4 Nf6 4. d3 Be7 5. 0-0 0-0 6. c3 d6 7. h3 h6 8. Re1 Na5 9. Bb5 a6 10. Ba4 b5 11. Bc2 c5 12. Nbd2 Qc7 13. Nf1 Nc6 14. Ne3 Be6 15. Nh2 Rad8 16. Qf3 Kh8 17. Nf5 Qd7 18. g4 d5 19. Kh1 c4 20. g5 hxg5 21. Nxe7 Nxe7 22. Bxg5 Nh7 23. Qh5 f6 24. Be3 Qe8 25. Qxe8 Rfxe8 26. a4 Bxh3 27. axb5 axb5 28. Ra5 dxe4 29. dxe4 Bd7 30. Rd1 Bc6 31. Rxd8 Rxd8 32. Ra7 Nf5 33. Bb6 Rb8 34. Bc5 Ng5 35. f3 Nh4 36. Kg1 Nhxf3+ 37. Nxf3 Nxf3+ 38. Kf2 Ng5 39. Ke3 Rc8 40. Bb4 Kh7 41. Be7 Kg6 42. Bb4 Rh8 43. Rc7 Rh3+ 44. Kd2 Bxe4 45. Bxe4+ Nxe4+ 46. Kc1 Rd3 47. Bf8 Kf5 48. Rxg7 Nd2 49. Rg1 Nb3+ 50. Kc2 Rd2+ 51. Kb1 e4 52. Bh6 Rh2 53. Rf1+ Ke6 54. Bf4 Nd2+ 0-1

[Event "Madrid-chT 1718"]
[Site "Madrid"]
[Date "2018.01.21"]
[Round "6.23"]
[White "Plazuelo Pascual, Juan"]
[Black "Gil Quilez, David"]
[Result "1-0"]
[WhiteElo "2340"]
[BlackElo "2198"]
[PlyCount "89"]
[EventDate "2017.11.19"]
[EventType "team-tourn"]
[EventRounds "14"]
[EventCountry "ESP"]
[SourceTitle "EXT 2019"]
[Source "ChessBase"]
[SourceDate "2018.10.10"]
[SourceVersion "1"]
[SourceVersionDate "2018.10.10"]
[SourceQuality "1"]
[WhiteTeam "Virgen de Atocha"]
[BlackTeam "La Casa del Ajedrez"]
[WhiteTeamCountry "ESP"]
[BlackTeamCountry "ESP"]

1. d4 f5 2. Nc3 Nf6 3. Bg5 d5 4. e3 e6 5. g4 Be7 6. gxf5 exf5 7. Nge2 Be6 8. Nf4 Bf7 9. h4 c6 10. Bd3 Ne4 11. Bxe4 dxe4 12. Rg1 Nd7 13. Nh5 Bxh5 14. Qxh5+ g6 15. Bxe7 Kxe7 16. Qh6 Kf7 17. h5 Qf6 18. 0-0-0 Rag8 19. Qf4 Rc8 20. f3 exf3 21. Rdf1 Rhe8 22. Rxf3 Kg7 23. Qg3 Qe6 24. hxg6 hxg6 25. Ne2 Nf8 26. Nf4 Qf7 27. Qh4 Qe7 28. Qg3 Qf7 29. Qg5 Re4 30. Nh5+ Kh8 31. Nf6 Re6 32. Rh1+ Kg7 33. Rxf5 Qxf6 34. Rxf6 Rxf6 35. e4 Re8 36. e5 Rf5 37. Qh6+ Kf7 38. c3 c5 39. Qe3 cxd4 40. cxd4 Rc8+ 41. Kb1 Re8 42. Qb3+ Ne6 43. Qxb7+ Re7 44. Rh7+ Ng7 45. Rxg7+ 1-0

[Event "Madrid-chT 1617"]
[Site "Madrid"]
[Date "2017.01.15"]
[Round "5.45"]
[White "Martin Duque, Jesus"]
[Black "Gil Quilez, David"]
[Result "1-0"]
[WhiteElo "2312"]
[BlackElo "2208"]
[PlyCount "87"]
[EventDate "2016.11.20"]
[EventType "team-tourn"]
[EventRounds "14"]
[EventCountry "ESP"]
[SourceTitle "EXT 2018"]
[Source "ChessBase"]
[SourceDate "2017.10.13"]
[SourceVersion "1"]
[SourceVersionDate "2017.10.13"]
[SourceQuality "1"]
[WhiteTeam "Collado Villalba"]
[BlackTeam "La Casa del Ajedrez"]
[WhiteTeamCountry "ESP"]
[BlackTeamCountry "ESP"]

1. e4 d5 2. exd5 Qxd5 3. Nc3 Qd6 4. d4 Nf6 5. Nf3 a6 6. g3 Bg4 7. Bg2 Nc6 8. 0-0 0-0-0 9. d5 Ne5 10. Bf4 Nxf3+ 11. Bxf3 Bxf3 12. Qxf3 e5 13. dxe6 Qxe6 14. Bg5 h6 15. Rfe1 Qc6 16. Qxc6 bxc6 17. Bxf6 gxf6 18. Re4 Bd6 19. Rae1 Rhg8 20. Kg2 f5 21. Rc4 Kb7 22. Kf3 Rge8 23. Rxe8 Rxe8 24. Ne2 c5 25. b3 Kb6 26. Rh4 Bf8 27. Rh5 Re5 28. c4 Bg7 29. Nf4 c6 30. Nd3 Re7 31. Rxf5 Bd4 32. h4 a5 33. a4 Rb7 34. Kg4 f6 35. Kh5 Rd7 36. Rf3 Rh7 37. Kg6 Rh8 38. Rf5 Rd8 39. Kxh6 Be3+ 40. fxe3 Rxd3 41. Rf3 Kc7 42. Kg7 Rd7+ 43. Kxf6 Rd8 44. Kg7 1-0

[Event "ESP-chT CECLUB Div2"]
[Site "Linares"]
[Date "2016.08.16"]
[Round "1"]
[White "Gil Quilez, David"]
[Black "Rodriguez Fontecha, Marcos"]
[Result "0-1"]
[WhiteElo "2212"]
[BlackElo "2366"]
[PlyCount "136"]
[EventDate "2016.08.16"]
[EventType "team"]
[EventRounds "6"]
[EventCountry "ESP"]
[SourceTitle "CBM 174 Extra"]
[Source "ChessBase"]
[SourceDate "2016.10.10"]
[SourceVersion "1"]
[SourceVersionDate "2016.10.10"]
[SourceQuality "1"]
[WhiteTeam "La Casa del Ajedrez"]
[BlackTeam "Solvay II"]
[WhiteTeamCountry "ESP"]
[BlackTeamCountry "ESP"]

1. e4 e6 2. d4 d5 3. Nc3 h6 4. exd5 exd5 5. Bd3 Nc6 6. Nge2 Nf6 7. h3 a6 8. 0-0 Bd6 9. Be3 Be6 10. f4 Qe7 11. Qd2 Nb4 12. f5 Nxd3 13. Qxd3 Bd7 14. Bf4 0-0-0 15. Rae1 Rhe8 16. Qg3 Bxf4 17. Nxf4 Qd6 18. Rxe8 Nxe8 19. Nfe2 Bb5 20. Nxb5 axb5 21. c3 Qa6 22. Nc1 b4 23. cxb4 Qc4 24. Qc3 Nd6 25. Qxc4 dxc4 26. Ne2 Re8 27. Ng3 Re3 28. Nh5 Ne4 29. Nxg7 Re2 30. Rc1 b5 31. f6 Rxb2 32. Nf5 c3 33. Kh2 Rxb4 34. Ng3 Nxf6 35. Rxc3 Rxd4 36. Nf5 Rd2 37. Rc5 Rxa2 38. Nd6+ Kd7 39. Nxb5 Ne8 40. Nd4 Ng7 41. Nf3 Kd6 42. Rc4 f5 43. Kg3 c5 44. Rc1 Nh5+ 45. Kh4 Nf6 46. g4 fxg4 47. hxg4 Ra4 48. Rd1+ Ke6 49. Rg1 h5 50. Re1+ Kd6 51. Rd1+ Kc7 52. Kg5 hxg4 53. Kxf6 gxf3 54. Ke5 Kc6 55. Rd3 f2 56. Rf3 Ra2 57. Ke4 Kb5 58. Rf8 Kc4 59. Ke3 Kc3 60. Rf5 c4 61. Rf7 Rb2 62. Rf8 Kb3 63. Rb8+ Kc2 64. Rf8 Kd1 65. Ra8 Re2+ 66. Kd4 Re1 67. Ra1+ Ke2 68. Ra2+ Kf3 0-1

[Event "Madrid-chT 1516"]
[Site "Madrid"]
[Date "2016.01.10"]
[Round "5.15"]
[White "Gil Quilez, David"]
[Black "Nunez Miranda, Adrian"]
[Result "0-1"]
[WhiteElo "2192"]
[BlackElo "2085"]
[PlyCount "80"]
[EventDate "2015.11.22"]
[EventType "team-tourn"]
[EventRounds "14"]
[EventCountry "ESP"]
[SourceTitle "EXT 2017"]
[Source "ChessBase"]
[SourceDate "2016.10.25"]
[SourceVersion "1"]
[SourceVersionDate "2016.10.25"]
[SourceQuality "1"]
[WhiteTeam "La Casa del Ajedrez"]
[BlackTeam "San Fernando de Henares"]
[WhiteTeamCountry "ESP"]
[BlackTeamCountry "ESP"]

1. e4 c5 2. Nf3 Nc6 3. d4 cxd4 4. Nxd4 Nf6 5. Nc3 e5 6. Ndb5 d6 7. Bg5 a6 8. Na3 b5 9. Nd5 Be7 10. Bxf6 Bxf6 11. c3 0-0 12. Nc2 Bg5 13. a4 Rb8 14. axb5 axb5 15. Bd3 Be6 16. Qe2 f5 17. Ndb4 Nxb4 18. Nxb4 Qf6 19. exf5 Bxf5 20. 0-0 Be6 21. Ra6 Bf4 22. g3 Bh3 23. Rfa1 Bh6 24. Be4 Rbd8 25. Rb6 Qg5 26. Rxb5 Rf4 27. Bd5+ Kh8 28. Nd3 Rff8 29. Rb4 Rde8 30. Rba4 e4 31. Rxe4 Qxd5 32. f3 Rxe4 33. fxe4 Qg5 34. Nf2 Qe3 35. Re1 Qxe2 36. Rxe2 Be6 37. Kg2 Bc4 38. Re1 g6 39. Rd1 Be3 40. Nh3 Be2 0-1

[Event "Almansa U2300 op 10th"]
[Site "Almansa"]
[Date "2015.08.13"]
[Round "7.4"]
[White "Gil Quilez, David"]
[Black "Kovacevic, Slobodan"]
[Result "0-1"]
[WhiteElo "2182"]
[BlackElo "2299"]
[PlyCount "104"]
[EventDate "2015.08.09"]
[EventType "swiss"]
[EventRounds "9"]
[EventCountry "ESP"]
[SourceTitle "EXT 2024"]
[Source "ChessBase"]
[SourceDate "2023.10.10"]
[SourceVersion "1"]
[SourceVersionDate "2023.10.10"]
[SourceQuality "1"]

1. e4 c5 2. Nf3 e6 3. d4 cxd4 4. Nxd4 a6 5. Nc3 Qc7 6. Be2 b5 7. 0-0 Bb7 8. Bf3 Nc6 9. Nxc6 dxc6 10. e5 Qxe5 11. Re1 Qd6 12. Qe2 Nf6 13. Bg5 Be7 14. Rad1 Qc7 15. Qe3 0-0 16. Bf4 Qc8 17. Be5 Rd8 18. Rxd8+ Qxd8 19. Rd1 Qc8 20. Qg5 h6 21. Qg3 c5 22. Rd3 Ra7 23. Bb8 Ra8 24. Be5 Bc6 25. Ne4 Ne8 26. Nd6 Bxd6 27. Bxd6 c4 28. Rd4 Ra7 29. Bf4 Bxf3 30. Qxf3 Rd7 31. Rxd7 Qxd7 32. h3 Qd5 33. Qa3 Qb7 34. Qa5 f6 35. c3 Kf7 36. Qd8 Qc6 37. Qb8 e5 38. Be3 Nd6 39. Qa7+ Kg8 40. a3 Nf5 41. Bb6 Nh4 42. f3 Kh7 43. Bf2 Ng6 44. Be3 Qd6 45. Kf2 f5 46. Qc5 Qd1 47. f4 exf4 48. Bd4 Qd2+ 49. Kg1 Qe1+ 50. Kh2 Qg3+ 51. Kh1 f3 52. gxf3 Nh4 0-1

[Event "Almansa op-A"]
[Site "Almansa"]
[Date "2014.08.10"]
[Round "9"]
[White "Martinez Lopez, David"]
[Black "Gil Quilez, David"]
[Result "1-0"]
[WhiteElo "2209"]
[BlackElo "2172"]
[PlyCount "53"]
[EventDate "2014.08.05"]
[EventType "swiss"]
[EventRounds "9"]
[EventCountry "ESP"]
[SourceTitle "EXT 2019"]
[Source "ChessBase"]
[SourceDate "2018.10.10"]
[SourceVersion "1"]
[SourceVersionDate "2018.10.10"]
[SourceQuality "1"]

1. e4 d5 2. exd5 Qxd5 3. Nc3 Qd6 4. d4 Nf6 5. Nf3 a6 6. g3 Bg4 7. h3 Bh5 8. Bg2 Nc6 9. 0-0 0-0-0 10. Bf4 Qb4 11. g4 Bg6 12. a3 Qxb2 13. Qe1 e6 14. Ne5 Nd5 15. Nxd5 exd5 16. Nxc6 bxc6 17. Bg5 f6 18. Qe6+ Rd7 19. Rfb1 Qc3 20. Bf1 Qa5 21. Bd2 Qa4 22. Bf4 Bc5 23. dxc5 Re8 24. Rb8+ Kxb8 25. Qxd7 Qxf4 26. Rb1+ Ka7 27. Qxc6 1-0

[Event "Almansa op 7th"]
[Site "Almansa"]
[Date "2012.08.12"]
[Round "9"]
[White "Gil Quilez, David"]
[Black "Montoliu Cervero, Francisco"]
[Result "1/2-1/2"]
[WhiteElo "2179"]
[BlackElo "2270"]
[PlyCount "107"]
[EventDate "2012.08.07"]
[EventType "swiss"]
[EventRounds "9"]
[EventCountry "ESP"]
[SourceTitle "CBM 149 Extra"]
[Source "ChessBase"]
[SourceDate "2012.08.24"]
[SourceVersion "1"]
[SourceVersionDate "2012.08.24"]
[SourceQuality "1"]

1. e4 c5 2. Nf3 d6 3. d4 cxd4 4. Nxd4 Nf6 5. Nc3 g6 6. f3 Bg7 7. Be3 Nc6 8. Qd2 0-0 9. 0-0-0 d5 10. Kb1 Rb8 11. Bf4 e5 12. Nxc6 bxc6 13. Bxe5 Nxe4 14. Qd4 c5 15. Qxe4 Rxb2+ 16. Ka1 dxe4 17. Rxd8 Rxd8 18. Bxg7 Rxc2 19. Bf6 Rd6 20. Kb1 Rf2 21. Bh4 Rb6+ 22. Kc1 Rfb2 23. fxe4 Be6 24. Bd8 R6b4 25. Ba5 Rb8 26. Bc7 R8b7 27. Ba6 R7b4 28. Ba5 Rxg2 29. Bxb4 cxb4 30. Nd5 Rxa2 31. Bd3 Bxd5 32. exd5 Ra5 33. Kb2 Rxd5 34. Bc4 Rf5 35. Ba6 Rf3 36. Ra1 Rh3 37. Bc4 Rxh2+ 38. Kb3 Rf2 39. Kxb4 h5 40. Kc3 Kg7 41. Kd3 g5 42. Ke3 Rf6 43. Rxa7 g4 44. Ra5 Kh6 45. Be2 Rg6 46. Rf5 h4 47. Kf4 g3 48. Rh5+ Kg7 49. Bf3 g2 50. Bxg2 Rxg2 51. Rxh4 Ra2 52. Rh1 Kf6 53. Rh6+ Kg7 54. Rb6 1/2-1/2

[Event "Almansa op 7th"]
[Site "Almansa"]
[Date "2012.08.10"]
[Round "6"]
[White "Diaz Velandia, Jose Manuel"]
[Black "Gil Quilez, David"]
[Result "1-0"]
[WhiteElo "2251"]
[BlackElo "2179"]
[PlyCount "79"]
[EventDate "2012.08.07"]
[EventType "swiss"]
[EventRounds "9"]
[EventCountry "ESP"]
[SourceTitle "CBM 149 Extra"]
[Source "ChessBase"]
[SourceDate "2012.08.24"]
[SourceVersion "1"]
[SourceVersionDate "2012.08.24"]
[SourceQuality "1"]

1. d4 Nf6 2. Nf3 g6 3. Bf4 Bg7 4. c3 0-0 5. h3 d6 6. e3 Nc6 7. Bb5 Nd7 8. Bh2 a6 9. Ba4 Rb8 10. 0-0 b5 11. Bc2 e5 12. Nbd2 f5 13. a4 b4 14. Nc4 e4 15. Ne1 Nb6 16. Bb3 Kh8 17. a5 Nxc4 18. Bxc4 g5 19. Qe2 bxc3 20. bxc3 d5 21. Bxa6 f4 22. Bxc8 Qxc8 23. Qh5 fxe3 24. fxe3 Rxf1+ 25. Kxf1 Qa6+ 26. Kg1 Rf8 27. Bxc7 Qf1+ 28. Kh2 h6 29. a6 Ra8 30. Qg4 Qf7 31. Bg3 Na7 32. Rb1 Nc6 33. Rb6 Nd8 34. Nc2 Kh7 35. Nb4 Bf8 36. Be5 Be7 37. Nc6 Nxc6 38. Rxc6 Bd8 39. Rd6 Be7 40. Qe6 1-0

[Event "Almansa op 7th"]
[Site "Almansa"]
[Date "2012.08.09"]
[Round "4"]
[White "Nieves Cabanes, Javier"]
[Black "Gil Quilez, David"]
[Result "0-1"]
[WhiteElo "2016"]
[BlackElo "2179"]
[PlyCount "64"]
[EventDate "2012.08.07"]
[EventType "swiss"]
[EventRounds "9"]
[EventCountry "ESP"]
[SourceTitle "CBM 149 Extra"]
[Source "ChessBase"]
[SourceDate "2012.08.24"]
[SourceVersion "1"]
[SourceVersionDate "2012.08.24"]
[SourceQuality "1"]

1. d4 f5 2. Nc3 d5 3. e4 dxe4 4. Bf4 Nf6 5. Bc4 e6 6. f3 Nd5 7. Be5 Nxc3 8. bxc3 Bd6 9. Qe2 Bxe5 10. dxe5 c6 11. f4 Qa5 12. Qe3 Na6 13. Nh3 Nc7 14. 0-0 Nd5 15. Bxd5 cxd5 16. Nf2 Bd7 17. Qd4 Rc8 18. Nd1 Rc4 19. Qd2 Ra4 20. Ne3 0-0 21. Rfb1 b6 22. Rb4 Rxa2 23. Rxa2 Qxa2 24. Rd4 b5 25. h3 Rc8 26. g4 fxg4 27. c4 bxc4 28. Rxd5 c3 29. Qd4 exd5 30. Nxd5 Qa3 31. Nf6+ gxf6 32. Qxd7 Qc1+ 0-1

[Event "Almansa op 7th"]
[Site "Almansa"]
[Date "2012.08.08"]
[Round "2"]
[White "Buendia Pinar, Alvaro"]
[Black "Gil Quilez, David"]
[Result "1/2-1/2"]
[WhiteElo "2032"]
[BlackElo "2179"]
[PlyCount "97"]
[EventDate "2012.08.07"]
[EventType "swiss"]
[EventRounds "9"]
[EventCountry "ESP"]
[SourceTitle "CBM 149 Extra"]
[Source "ChessBase"]
[SourceDate "2012.08.24"]
[SourceVersion "1"]
[SourceVersionDate "2012.08.24"]
[SourceQuality "1"]

1. e4 e5 2. Nf3 Nc6 3. d4 exd4 4. Nxd4 Nf6 5. Nc3 Bb4 6. Nxc6 bxc6 7. Bd3 d5 8. exd5 cxd5 9. 0-0 0-0 10. Bg5 c6 11. Qf3 Be7 12. h3 Re8 13. Rfe1 h6 14. Bh4 Be6 15. Ne2 Nd7 16. Bxe7 Qxe7 17. Nd4 Qd6 18. Nxe6 fxe6 19. Rad1 Nf6 20. Bg6 Re7 21. Qe3 e5 22. c4 Qb4 23. cxd5 cxd5 24. b3 Rd8 25. Bd3 d4 26. Bc4+ Kh8 27. Qd2 Qb6 28. f3 e4 29. fxe4 Rxe4 30. Bd3 Re3 31. Qf2 Rde8 32. Rf1 Qa5 33. Qf5 Qxf5 34. Bxf5 Rd8 35. Rf4 d3 36. Rf3 Rxf3 37. gxf3 d2 38. Kf2 Rd5 39. Bc2 Nh5 40. Ke3 Ng3 41. Kf2 Nh5 42. Ke3 Ng3 43. Bd3 Rh5 44. Rxd2 Rxh3 45. Kf4 Nh5+ 46. Kg4 Rh1 47. Rc2 Nf6+ 48. Kf5 Re1 49. Rc8+ 1/2-1/2

[Event "La Roda op 39th"]
[Site "La Roda"]
[Date "2012.04.06"]
[Round "5"]
[White "Garza Marco, Sergio"]
[Black "Gil Quilez, David"]
[Result "1-0"]
[WhiteElo "2404"]
[BlackElo "2188"]
[PlyCount "91"]
[EventDate "2012.04.04"]
[EventType "swiss"]
[EventRounds "9"]
[EventCountry "ESP"]
[SourceTitle "CBM 147 Extra"]
[Source "ChessBase"]
[SourceDate "2012.04.24"]
[SourceVersion "1"]
[SourceVersionDate "2012.04.24"]
[SourceQuality "1"]

1. d4 d5 2. c4 c6 3. Nf3 Nf6 4. e3 e6 5. Bd3 Nbd7 6. b3 Ne4 7. 0-0 f5 8. Qc2 Be7 9. Bb2 0-0 10. Nbd2 Qe8 11. Ne5 Nxe5 12. dxe5 Qh5 13. f4 g5 14. Nf3 g4 15. Bxe4 fxe4 16. Nd4 Qg6 17. Qc1 Bd7 18. cxd5 cxd5 19. Qc7 Qe8 20. Qxb7 Bc5 21. Rfc1 Bb6 22. Qa6 Rf7 23. Rc2 h5 24. Rac1 Kh7 25. Qe2 Rb8 26. Qd2 Rc8 27. Ba3 Rxc2 28. Rxc2 Bxd4 29. Qxd4 Bb5 30. Bd6 Qd8 31. Rc5 Bd3 32. Qc3 Qb6 33. Kf2 Kg6 34. Ke1 Qd8 35. g3 h4 36. Rc8 Qb6 37. Kd2 Qa6 38. a4 Bf1 39. Kc1 hxg3 40. hxg3 Qe2 41. Rg8+ Kh7 42. Qc8 Qxe3+ 43. Kb2 Qd2+ 44. Ka3 e3 45. Rh8+ Kg6 46. Qxe6+ 1-0

[Event "La Roda op 39th"]
[Site "La Roda"]
[Date "2012.04.05"]
[Round "2"]
[White "Gil Quilez, David"]
[Black "Korneev, Oleg"]
[Result "1/2-1/2"]
[WhiteElo "2188"]
[BlackElo "2597"]
[PlyCount "102"]
[EventDate "2012.04.04"]
[EventType "swiss"]
[EventRounds "9"]
[EventCountry "ESP"]
[SourceTitle "CBM 147 Extra"]
[Source "ChessBase"]
[SourceDate "2012.04.24"]
[SourceVersion "1"]
[SourceVersionDate "2012.04.24"]
[SourceQuality "1"]

1. d4 Nf6 2. Nf3 d5 3. c4 c6 4. Nc3 e6 5. e3 Nbd7 6. Qc2 Bd6 7. Bd3 0-0 8. b3 e5 9. dxe5 Nxe5 10. Nxe5 Bxe5 11. Bb2 dxc4 12. bxc4 Qe7 13. h3 h6 14. 0-0 Nd7 15. f4 Bd6 16. Ne4 Nc5 17. Rf3 Nxe4 18. Bxe4 Ba3 19. Bc3 Bb4 20. Bb2 Ba3 21. Bc3 Bb4 22. Bb2 Bd7 23. Rg3 f6 24. Rb1 Bc5 25. Kh1 Rad8 26. Bd3 Bc8 27. Qe2 Bb4 28. Rd1 Kh8 29. Qh5 Rxd3 30. Rxd3 Qe4 31. Rd1 Be6 32. a3 Be7 33. c5 Bd5 34. Bd4 Rf7 35. Qg4 Bf8 36. Qe2 Re7 37. Qb2 Kh7 38. Kh2 Qf5 39. a4 Be4 40. a5 a6 41. Rd2 Rd7 42. Qc3 Be7 43. Rb2 Bd8 44. Rb3 Bd5 45. Rb2 Bc7 46. Kg1 Bb8 47. Rb4 Bc7 48. Rb2 Re7 49. Qd2 Bb8 50. Rb4 Qd7 51. Qc3 Re4 1/2-1/2

[Event "Almansa op 6th"]
[Site "Almansa"]
[Date "2011.08.12"]
[Round "7"]
[White "Gil Quilez, David"]
[Black "Laliena Solanes, Luis M"]
[Result "1/2-1/2"]
[WhiteElo "2182"]
[BlackElo "2197"]
[PlyCount "111"]
[EventDate "2011.08.09"]
[EventType "swiss"]
[EventRounds "9"]
[EventCountry "ESP"]
[SourceTitle "CBM 144 Extra"]
[Source "ChessBase"]
[SourceDate "2011.10.28"]
[SourceVersion "1"]
[SourceVersionDate "2011.10.28"]
[SourceQuality "1"]

1. e4 c5 2. Nf3 Nc6 3. d4 cxd4 4. Nxd4 Nf6 5. Nc3 g6 6. Be3 Bg7 7. Bc4 0-0 8. Bb3 a5 9. 0-0 d6 10. h3 Nxd4 11. Bxd4 Bd7 12. a4 Bc6 13. f4 Nd7 14. Bxg7 Kxg7 15. Qd4+ f6 16. Rad1 Qb6 17. Rfe1 Qxd4+ 18. Rxd4 Nc5 19. e5 dxe5 20. fxe5 Nxb3 21. cxb3 Rad8 22. exf6+ exf6 23. Red1 Rxd4 24. Rxd4 Rf7 25. Kf2 f5 26. g3 Rd7 27. Rxd7+ Bxd7 28. Ke3 Be6 29. Kd4 Bxb3 30. Kc5 g5 31. Kb6 f4 32. gxf4 gxf4 33. Kxa5 f3 34. Ne4 Bd5 35. Nf2 Kf6 36. Kb4 Ke5 37. Kc3 Kf4 38. Kd2 Kg3 39. Ke3 Bc6 40. a5 Bd5 41. b4 Bc6 42. Nd3 Bb5 43. Nf2 Be2 44. Ne4+ Kg2 45. h4 Bb5 46. Nf2 Bc6 47. Nd3 Kg3 48. Nf2 h6 49. Nd3 Kxh4 50. Kf2 Kg5 51. Ne5 Bd5 52. Nxf3+ Kf4 53. Nd2 h5 54. b5 h4 55. a6 bxa6 56. bxa6 1/2-1/2